Valencia all-time top scorers - Statistics

General Stats
  • This quiz has been taken 14 times
  • The average score is 4 of 11
Answer Stats
Goals Nationality Player % Correct
129 Spain David Villa
86%
132 Argentina Mario Kempes
86%
205 Spain Mundo
64%
82 Spain Roberto Soldado
57%
122 Spain Fernando
36%
85 Bulgaria Lyuboslav Penev
29%
87 Brazil Waldo Machado
21%
86 Spain Epi
14%
84 Spain Guillermo Gorostiza
14%
86 Spain Silvestre Igoa
14%
82 Spain Amadeo
7%
No matching quizzes found
Score Distribution
Percent of People with Each Score
Percentile by Number Answered
Your Score History
You have not taken this quiz